Takmer všetky počítače pozerajú cez okná Vista je na svete

Bibliographic Details
Main Author: Žitňanský, Eduard, 1952-2022 (Author)
Format: Article
Language:Slovak
ISSN:1335-4620
Subjects:

MARC

LEADER 00000nab a2200000 ar4500
001 vtls008997207
003 SK-MaSNL
005 20260303065801.0
008 070608c2007 xo er|p|||||||000 b|slo
015 |a SNBRB2007/06  |2 snkbucl 
038 |a SNKBUCL 
040 |a SNKBUCL  |b slo  |c SNKBUCL  |e AACR2 
041 0 |a slo 
044 |a xo  |c SK 
080 |a 004.451  |2 2001 
100 1 |a Žitňanský, Eduard,  |d 1952-2022  |4 aut  |9 110414 
245 1 0 |a Takmer všetky počítače pozerajú cez okná  |b Vista je na svete  |c Eduard Žitňanský 
650 0 7 |a Microsoft Windows Vista  |2 snkbucl  |9 93800 
650 0 7 |a operačné systémy  |2 snkbucl  |9 2069 
773 0 |t Profit  |g Č. 2 (2007), s. 25-27  |x 1335-4620 
852 |a SNK  |b KIS3GCP 
999 |c 1752688  |d 1754618